The Maccabean revolt : (Record no. 118202)
[ view plain ]
| 000 -LEADER | |
|---|---|
| fixed length control field | 01283cam a2200373 a 4500 |
| 001 - CONTROL NUMBER | |
| control field | 4465834 |
| 003 - CONTROL NUMBER IDENTIFIER | |
| control field | ARRUPE |
| 005 - DATE AND TIME OF LATEST TRANSACTION | |
| control field | 20131001162412.0 |
| 008 - FIXED-LENGTH DATA ELEMENTS--GENERAL INFORMATION | |
| fixed length control field | 880826s1988 deu b 000 0 eng d |
| 010 ## - LIBRARY OF CONGRESS CONTROL NUMBER | |
| LC control number | 88081307 |
| 020 ## - INTERNATIONAL STANDARD BOOK NUMBER | |
| International Standard Book Number | 0894536559 (pbk.) |
| 020 ## - INTERNATIONAL STANDARD BOOK NUMBER | |
| International Standard Book Number | 0894536540 (series) |
| 035 ## - SYSTEM CONTROL NUMBER | |
| System control number | (OCoLC)19232399 |
| 035 ## - SYSTEM CONTROL NUMBER | |
| System control number | (OCoLC)ocm19232399 |
| 035 ## - SYSTEM CONTROL NUMBER | |
| System control number | (NNC)4465834 |
| 040 ## - CATALOGING SOURCE | |
| Original cataloging agency | NNUT |
| Transcribing agency | NNUT |
| 043 ## - GEOGRAPHIC AREA CODE | |
| Geographic area code | a-is--- |
| 050 ## - LIBRARY OF CONGRESS CALL NUMBER | |
| Classification number | BS1825.2 |
| Item number | .H23 1988 |
| 300 ## - PHYSICAL DESCRIPTION | |
| Dimensions | 22 cm. |
| 100 1# - MAIN ENTRY--PERSONAL NAME | |
| Personal name | Harrington, Daniel J. |
| 9 (RLIN) | 1926 |
| 245 14 - TITLE STATEMENT | |
| Title | The Maccabean revolt : |
| Remainder of title | anatomy of a Biblical revolution / |
| Statement of responsibility, etc | by Daniel J. Harrington. |
| 260 ## - PUBLICATION, DISTRIBUTION, ETC. (IMPRINT) | |
| Place of publication, distribution, etc | Wilmington, Del. : |
| Name of publisher, distributor, etc | M. Glazier, |
| Date of publication, distribution, etc | 1988. |
| 300 ## - PHYSICAL DESCRIPTION | |
| Extent | 143 p. ; |
| 490 1# - SERIES STATEMENT | |
| Series statement | Old Testament studies ; |
| Volume number/sequential designation | v. 1 |
| 504 ## - BIBLIOGRAPHY, ETC. NOTE | |
| Bibliography, etc | Bibliography: p. 133-143. |
| 630 00 - SUBJECT ADDED ENTRY--UNIFORM TITLE | |
| Uniform title | Bible O.T. |
| Name of part/section of a work | Apocrypha. |
| -- | Maccabees, 1st |
| General subdivision | Criticism, interpretation, etc. |
| 9 (RLIN) | 1927 |
| 630 00 - SUBJECT ADDED ENTRY--UNIFORM TITLE | |
| Uniform title | Bible O.T. |
| Name of part/section of a work | Apocrypha. |
| -- | Maccabees, 2nd |
| General subdivision | Criticism, interpretation, etc. |
| 9 (RLIN) | 1928 |
| 630 00 - SUBJECT ADDED ENTRY--UNIFORM TITLE | |
| Uniform title | Bible. |
| Name of part/section of a work | Daniel |
| General subdivision | Criticism, interpretation, etc. |
| 9 (RLIN) | 1929 |
| 650 #0 - SUBJECT ADDED ENTRY--TOPICAL TERM | |
| Topical term or geographic name as entry element | Maccabees. |
| 9 (RLIN) | 1930 |
| 650 #0 - SUBJECT ADDED ENTRY--TOPICAL TERM | |
| Topical term or geographic name as entry element | Jews |
| General subdivision | History |
| Chronological subdivision | 586 B.C.-70 A.D. |
| 9 (RLIN) | 1931 |
| 651 #0 - SUBJECT ADDED ENTRY--GEOGRAPHIC NAME | |
| Geographic name | Palestine |
| General subdivision | History |
| Chronological subdivision | To 70 A.D. |
| 9 (RLIN) | 1932 |
| 830 #0 - SERIES ADDED ENTRY--UNIFORM TITLE | |
| Uniform title | Old Testament studies ; |
| Volume number/sequential designation | OTWSA 1. |
| 9 (RLIN) | 1933 |
| 942 ## - ADDED ENTRY ELEMENTS (KOHA) | |
| Source of classification or shelving scheme | Library of Congress Classification |
| Koha item type | Monograph ( Printed materials) |
| Withdrawn status | Lost status | Source of classification or shelving scheme | Damaged status | Not for loan | Home library | Current library | Shelving location | Date acquired | Total Checkouts | Full call number | Barcode | Date last seen | Price effective from | Koha item type |
|---|---|---|---|---|---|---|---|---|---|---|---|---|---|---|
| Library of Congress Classification | ARRUPE LIBRARY | ARRUPE LIBRARY | Main Collection | 01/10/2013 | BS1825.2 .H23 1988 | 46410129 | 01/10/2024 | 01/10/2013 | Monograph ( Printed materials) |